Speak White - Statistiques

Statistiques générales
  • Ce quiz a été pris 3 fois
  • Le résultat moyen est 261 sur 500
Statistiques - réponses
Réponse % Correct
à
100%
a
100%
au
100%
avec
100%
comme
100%
dans
100%
de
100%
do
100%
du
100%
est
100%
et
100%
il
100%
la
100%
le
100%
mais
100%
ou
100%
peu
100%
peuple
100%
pour
100%
quand
100%
que
100%
qui
100%
s'en
100%
speak white
100%
Speak white
100%
un
100%
white
100%
about
50%
acheter
50%
allemand
50%
and
50%
atrocement
50%
be
50%
bègue
50%
blanc
50%
boston tea party
50%
c'est
50%
charme
50%
charte
50%
civilized
50%
comprendre
50%
congo
50%
crever
50%
crumpets
50%
d'Alger
50%
d'avoir
50%
democracy
50%
dents
50%
des
50%
dessus
50%
donner
50%
d'oreille
50%
douce
50%
d'un
50%
durs
50%
empires
50%
entre
50%
étoile
50%
fixer
50%
français
50%
freedom
50%
grande
50%
inculte
50%
jaune
50%
l'accent
50%
lacrymogènes
50%
langue
50%
les
50%
l'heure
50%
lincoln
50%
Longfellow
50%
l'ordre
50%
l'ouvrage
50%
machines
50%
matraques
50%
mêle
50%
misère
50%
monopole
50%
monument
50%
mort
50%
mot
50%
mots
50%
ne
50%
nègre
50%
nés
50%
noir
50%
nous
50%
ordres
50%
parler
50%
parlez
50%
parlez-nous
50%
pas
50%
personne
50%
potomac
50%
poussière
50%
près
50%
profits
50%
rappel
50%
relayez-vous
50%
répression
50%
reprochons
50%
riche
50%
rose
50%
ruelles
50%
rues
50%
russe
50%
Saint-Domingue
50%
Saint-Henri
50%
sang
50%
savons
50%
se
50%
ses
50%
seuls
50%
shakespeare
50%
Shakespeare
50%
soleil
50%
sommes
50%
sonnets
50%
trop
50%
une
50%
universelle
50%
us
50%
vie
50%
vient
50%
vietnam
50%
vivons
50%
vos
50%
Washington
50%
Watts
50%
Westminster
50%
admirable
0%
again
0%
allright
0%
alone
0%
alors
0%
ancêtres
0%
anonyme
0%
beau
0%
big
0%
brass
0%
brillant
0%
Byron
0%
cambouis
0%
capable
0%
chagrin
0%
chants
0%
chaque
0%
chez
0%
choses
0%
circonstance
0%
comprenez
0%
concierge
0%
contremaîtres
0%
correction
0%
couche
0%
d'âme
0%
d'apprécier
0%
d'autres
0%
deal
0%
demandez
0%
d'huile
0%
dire
0%
doing
0%
dollar
0%
down
0%
d'une
0%
embaucher
0%
entende
0%
entendez
0%
entendre
0%
fine
0%
fort
0%
génie
0%
get
0%
god
0%
gracieux
0%
gracious living
0%
great big shot
0%
grève
0%
gris
0%
haussez
0%
him
0%
how
0%
impeccable
0%
is
0%
jour
0%
jurons
0%
Keats
0%
l'aise
0%
language
0%
l'eau
0%
l'est
0%
l'éternité
0%
l'histoire
0%
liberté
0%
l'importance
0%
Little Rock
0%
loud
0%
Milton
0%
n'avoir
0%
nelligan
0%
n'entendons
0%
nos
0%
not
0%
notre
0%
oui
0%
outils
0%
paid
0%
paradise lost
0%
pardonnez
0%
parlure
0%
pause
0%
perte
0%
plus
0%
poliment
0%
poucentage
0%
production
0%
profil
0%
propre
0%
pur
0%
quelle
0%
qu'on
0%
raconter
0%
rafraîchit
0%
rancunier
0%
rauques
0%
ravigote
0%
really
0%
rentrer
0%
répondre
0%
réponse
0%
rien
0%
Shelley
0%
si
0%
société
0%
soir
0%
souffle
0%
sourds
0%
soyez
0%
standard
0%
tachée
0%
tacks
0%
tamise
0%
tell
0%
that
0%
to
0%
toute
0%
traditions
0%
tremble
0%
très
0%
trust
0%
vaut
0%
vendre
0%
vies
0%
voix
0%
vous
0%
Wall street
0%
we're
0%
you
0%
Aucun quiz correspondant
Distribution des résultats
% des personnes avec chaque résultat
Percentile par nombre de réponses
Votre historique - résultats
Vous n’avez pas pris ce quiz